Язык
English
Deutsch
Español
Français
Italiano
日本語
Nederlands
Português
Português (Brasil)
中文(简体)
中文(繁體)
Türkçe
עברית
Gaeilge
Cymraeg
Ελληνικά
Català
Euskara
Русский
Čeština
Suomi
Svenska
polski
Dansk
slovenščina
اللغة العربية
বাংলা
Galego
Tiếng Việt
Hrvatski
हिंदी
Հայերէն
Українська
Все поля
Заглавие
Автор
Предмет
ISBN/ISSN
Метка
Идентификатор
Найти
Расширенный поиск
T. 7 (1835-1836); Bulletin de...
Цитировать
Отправить по sms
Отправить на Email
Печать
Запись для экспорта
Экспорт в RefWorks
Экспорт в EndNoteWeb
Экспорт в EndNote
Постоянная ссылка
Esportazione completata correttamente —
T. 7 (1835-1836); Bulletin de la Societe Geologique de France
Библиографические подробности
Источник:
Bulletin de la Societe Geologique de France/ Societe geologique de France. T. 7 (1835-1836).— , 1830-1963, 2005.— 0037-9409
Язык:
французский
Опубликовано:
1836
Формат:
MixedMaterials
Книга
Запись в KOHA:
https://koha.lib.tpu.ru/cgi-bin/koha/opac-detail.pl?biblionumber=540023
Фонды
Описание
Схожие документы
Marc-запись
MARC
LEADER
00000nam2a2200000 4500
001
540023
005
20231101114502.0
035
|a
(RuTPU)RU\TPU\prd\229900
035
|a
RU\TPU\prd\229880
090
|a
540023
100
|a
20150119a18301963k y0frey50 ba
101
0
|a
fre
102
|a
FR
200
0
|a
T. 7 (1835-1836)
210
|d
1836
461
1
|0
(RuTPU)RU\TPU\prd\280
|x
0037-9409
|t
Bulletin de la Societe Geologique de France
|f
Societe geologique de France
|v
T. 7 (1835-1836)
|d
1830-1963, 2005
801
0
|a
RU
|b
63413507
|c
20010227
|g
PSBO
801
1
|a
RU
|b
63413507
|c
20080423
|g
PSBO
801
2
|a
RU
|b
63413507
|c
20150209
|g
PSBO
942
|c
BK
999
|a
НТБ_ТПУ
|b
РФ
|e
-14/20140209
|p
П-116
|u
0
|v
1
|x
4739
Схожие документы
T. 6 (1834-1835); Bulletin de la Societe Geologique de France
Опубликовано: (1835)
T. 8 (1836-1837); Bulletin de la Societe Geologique de France
Опубликовано: (1837)
T. 7; Bulletin de la Societe Geologique de France
Опубликовано: (1850)
Bulletin de la Societe Geologique de France
Опубликовано: (Paris, Macon, Protat Freres, 1830-1963, 2005)
T. 7, № 7; Bulletin de la Societe Geologique de France
Опубликовано: (1957)